00307 2200133 4500001002100000005001500021035002000036245005300056300000700109260002500116082000800141084001200149990001200161INLIS00000000000213420250527112513 a0010-0525000426 aPercobaan dengan Cahaya /cS. Lela, Wahyu Untara a55 bBengawan Ilmu,c2007 a500 a500 PER a0713235